000
002940000a22000970004500
100
1
_a
Raiser, Konrad
245
1
0
_a
The vision and values guiding the ecumenical movement from today into tomorrow
300
_a
Vol.55, núm.2 (June, 2005), Páginas 111-118
773
0
_t
Reformed World
942
_c
ANA
999
_c
60980
_d
60980